Elogio fúnebre que en las magníficas exéquias celebradas el día 22 de abril de 1776 ...

Detalles Bibliográficos
Autor principal: DIAZ De GAMARRA Y DAVALOS, Juan Benito
Formato: Libro
Publicado: León 1873
Materias:
Colección:Banco de datos
Acervo:Biblioteca del Ex Convento de Nuestra Señora de Guadalupe. Zacatecas
Tema general:Literatura
Notas:Buena. XXI,5,16 (6669)
LEADER 00720nam a22001930004500
035 |a 44379 
036 |a 5563 
100 1 |a DIAZ De GAMARRA Y DAVALOS, Juan Benito 
245 1 0 |a Elogio fúnebre que en las magníficas exéquias celebradas el día 22 de abril de 1776 ... 
260 |a León  |b imp. J.M. Monzón  |c 1873 
500 |a Buena. XXI,5,16 (6669) 
650 1 0 |a Literatura 
949 |a CRZ-CG 
959 |a Ex convento de Nuestra Señora de Guadalupe, Museo Regional de Zacatecas, Zacatecas  |b CCC4 
960 |a Convento de Nuestra Señora de Guadalupe, Zacatecas  |b DD87 
961 |a Franciscana  |b OF 
942 |c CRZ-CG 
943 |g Biblioteca del Ex Convento de Nuestra Señora de Guadalupe. Zacatecas 
999 |c 968506  |d 968506